[Event "Landesliga Sued 9899"]
[Site "Bayern"]
[Date "1998.10.11"]
[Round "1.8"]
[White "Buchert, Wolfgang"]
[Black "Feldbacher, Harald"]
[Result "1-0"]
[WhiteElo "2065"]
[BlackElo "2070"]
[PlyCount "51"]
[EventDate "1998.11.10"]
[EventType "team-tourn"]
[EventRounds "9"]
[EventCountry "GER"]
[SourceTitle "EXT 2020"]
[Source "ChessBase"]
[SourceDate "2019.10.17"]
[SourceVersion "1"]
[SourceVersionDate "2019.10.17"]
[SourceQuality "1"]
[WhiteTeam "Kriegshaber SK"]
[BlackTeam "Starnberg SC"]
[WhiteTeamCountry "GER"]
[BlackTeamCountry "GER"]

1. e4 c5 2. c3 Nf6 3. e5 Nd5 4. d4 cxd4 5. cxd4 e6 6. Nc3 Nxc3 7. bxc3 Qc7 8. Qc2 b6 9. Nf3 Bb7 10. Be2 d6 11. Bf4 Nd7 12. 0-0 Rc8 13. exd6 Bxd6 14. Bxd6 Qxd6 15. Rac1 0-0 16. Qa4 Rc7 17. Rc2 a5 18. Rd1 Rfc8 19. c4 Bc6 20. Qb3 a4 21. Qe3 h6 22. h3 Bb7 23. Rb2 Ba6 24. c5 bxc5 25. dxc5 Qc6 26. Rd6 1-0

[Event "Landesliga Sued 9798"]
[Site "Bayern"]
[Date "1997.12.07"]
[Round "3.6"]
[White "Wuerdinger, Alexander"]
[Black "Feldbacher, Harald"]
[Result "1-0"]
[WhiteElo "2045"]
[BlackElo "2055"]
[PlyCount "79"]
[EventDate "1997.10.19"]
[EventType "team-tourn"]
[EventRounds "9"]
[EventCountry "GER"]
[SourceTitle "EXT 2020"]
[Source "ChessBase"]
[SourceDate "2019.10.17"]
[SourceVersion "1"]
[SourceVersionDate "2019.10.17"]
[SourceQuality "1"]
[WhiteTeam "Graefelfing SK"]
[BlackTeam "Starnberg SC"]
[WhiteTeamCountry "GER"]
[BlackTeamCountry "GER"]

1. e4 c5 2. b3 Nc6 3. Bb2 d6 4. Bb5 Bd7 5. f4 e6 6. Nf3 Nf6 7. Nc3 Nd4 8. Bxd7+ Qxd7 9. 0-0 Be7 10. e5 dxe5 11. fxe5 Nd5 12. Nxd4 cxd4 13. Qf3 dxc3 14. Qxf7+ Kd8 15. dxc3 Kc7 16. Kh1 Ne3 17. Rfe1 Raf8 18. Qh5 Rf5 19. Qe2 Bc5 20. b4 Bb6 21. c4 Rhf8 22. c5 Bxc5 23. bxc5 Nd5 24. Bd4 Nf4 25. Qe4 h5 26. c6 Qxc6 27. Qxc6+ Kxc6 28. Bxa7 Nd5 29. Bd4 b5 30. Kg1 Rf4 31. c3 b4 32. g3 Rg4 33. Rac1 bxc3 34. Bxc3 Ra8 35. Re2 h4 36. Be1+ Kd7 37. h3 Rga4 38. Rb2 R8a7 39. Bf2 Rxa2 40. Rb3 1-0